000 01212cam a22002174a 4500
005 20250605164127.0
008 250528s ||||||||||||||||||||||||d
035 _a18502
020 _a471935271
040 _aGR-AtMCL
_bgre
_dGR-AtMCL
_eAACR2
245 1 _aMatrix Computation / Second Edition
250 _a2nd
260 _bJohn Wiley & Sons,
_c1992
300 _a432
520 _aThis book should appeal to engineers, scientists and numerical analysts, as well as graduate students and researchers in matrix computation. Preface, Basic Algebraic and Numerical Concepts, Some Matrix Problems, Computer Implementation, Elimination Methods for Linear Equations, Sparse Matrix Elimination, Some Matrix Eigenvalue Problems, Transformation Methods for Eigenvalue Problems, Sturm Sequence Methods, Vector Iterative Methods for Partial Eigen solution, Orthogonalization and Re-solution Techniques for Linear Equations, Iterative Methods for Linear Equations, Non-Linear Equations, Parallel and Vector Computing, Exercises, Bibliography, Appendices, Solutions to Exercises, Index.
700 1 _aJennings Alan
_94767
700 1 _aMckeown J. J
_94768
942 _cBK
999 _c3860
_d3860